Roberto Schumann: su arte y su vida
Kaydedildi:
| Yazar: | |
|---|---|
| Materyal Türü: | Kitap |
| Dil: | İspanyolca |
| Baskı/Yayın Bilgisi: |
Buenos Aires
Ricordi Americana
1957
|
| Seri Bilgileri: | BA 11405
|
| Konular: | |
| Etiketler: |
Etiketle
Etiket eklenmemiş, İlk siz ekleyin!
|
MARC
| LEADER | 00000nam a2200000 a 4500 | ||
|---|---|---|---|
| 001 | UCL5546 | ||
| 003 | CL-VaPUC | ||
| 008 | 040312e19570000AG |||||||||||||||||spa|d | ||
| 020 | |a 9502202333 | ||
| 082 | 0 | 4 | |a 780.9034 |b REI |2 21 |
| 100 | 0 | |a Reich, Willi |e author |9 483269 | |
| 245 | 1 | 0 | |a Roberto Schumann: su arte y su vida |
| 300 | |a 106 p | ||
| 942 | |c BK | ||
| 945 | |d 20040312 00:00:00 |a cmena | ||
| 260 | |a Buenos Aires |b Ricordi Americana |c 1957 | ||
| 600 | 0 | |a Schumann, Robert, |e 1810-1856 |9 352841 | |
| 650 | 7 | |a COMPOSITORES ALEMANES SIGLO 19 |2 CL-VaPUC |9 483270 | |
| 650 | 0 | |a Biografías |9 255210 | |
| 583 | |a last modification |c 20040312 00:00:00 |k Rodrigo Vera | ||
| 490 | 0 | |a BA 11405 | |
| 999 | |c 308071 |d 308069 | ||
| 952 | |0 0 |1 0 |4 0 |6 780_903400000000000_REI_1957 |7 0 |8 A |9 374304 |a BIBEDU |b BIBEDU |d 2019-11-21 |i 3982017 |o 780.9034 REI 1957 |p 3982017 |r 2023-01-12 |w 2019-11-21 |y BK |k MUS | ||